SELECTED PIEACES FROM "USE OF ENGLISH" (Record no. 3671)
[ view plain ]
| 000 -LEADER | |
|---|---|
| fixed length control field | 00415cam a2200181ua 4500 |
| 008 - FIXED-LENGTH DATA ELEMENTS--GENERAL INFORMATION | |
| fixed length control field | 131204n II |||gr||||Z||||||eng |
| 040 ## - CATALOGING SOURCE | |
| Original cataloging agency | MAIN |
| 041 ## - LANGUAGE CODE | |
| -- | English |
| 082 ## - DEWEY DECIMAL CLASSIFICATION NUMBER | |
| Classification number | 425 QUI |
| 082 ## - DEWEY DECIMAL CLASSIFICATION NUMBER | |
| Classification number | 425 QUR |
| 100 ## - MAIN ENTRY--PERSONAL NAME | |
| Personal name | QURICK. |
| 245 ## - TITLE STATEMENT | |
| Title | SELECTED PIEACES FROM "USE OF ENGLISH" |
| 260 ## - PUBLICATION, DISTRIBUTION, ETC. | |
| Place of publication, distribution, etc. | GUWAHATI |
| Name of publisher, distributor, etc. | SAHITYA PRAKASH |
| 300 ## - PHYSICAL DESCRIPTION | |
| Extent | 15.: |
| Dimensions | 18CM. |
| 942 ## - ADDED ENTRY ELEMENTS (KOHA) | |
| Koha item type | Books |
| 653 ## - INDEX TERM--UNCONTROLLED | |
| Uncontrolled term | English grammar |
| Withdrawn status | Lost status | Damaged status | Not for loan | Collection code | Home library | Current library | Shelving location | Date acquired | Full call number | Barcode | Date last seen | Copy number | Price effective from | Koha item type |
|---|---|---|---|---|---|---|---|---|---|---|---|---|---|---|
| REFENG | Central Library and Information Centre Sibsagar Girls College | Central Library and Information Centre Sibsagar Girls College | English Rack | 07.03.1985 | 425 QUI | 11924 | 27.02.2020 | 1 | 27.02.2020 | Books | ||||
| REFENG | Central Library and Information Centre Sibsagar Girls College | Central Library and Information Centre Sibsagar Girls College | English Rack | 07.03.1985 | 425 QUR | 11925 | 27.02.2020 | 2 | 27.02.2020 | Books | ||||
| REFENG | Central Library and Information Centre Sibsagar Girls College | Central Library and Information Centre Sibsagar Girls College | English Rack | 07.03.1985 | 425 QUR | 11926 | 27.02.2020 | 3 | 27.02.2020 | Books | ||||
| REFENG | Central Library and Information Centre Sibsagar Girls College | Central Library and Information Centre Sibsagar Girls College | English Rack | 07.03.1985 | 425 QUR | 11927 | 27.02.2020 | 4 | 27.02.2020 | Books |